Does it always rain in the rain forest? : (Record no. 9771)

MARC details
000 -LEADER
fixed length control field 01007nam a22003017a 4500
001 - CONTROL NUMBER
control field 9771
003 - CONTROL NUMBER IDENTIFIER
control field FISKH
005 - DATE AND TIME OF LATEST TRANSACTION
control field 20260213115940.0
008 - FIXED-LENGTH DATA ELEMENTS--GENERAL INFORMATION
fixed length control field 260213b cb ||||| |||| 00| 0 eng d
020 ## - INTERNATIONAL STANDARD BOOK NUMBER
International Standard Book Number 9780439193832
040 ## - CATALOGING SOURCE
Original cataloging agency FISKH
Language of cataloging eng
Transcribing agency FISKH
Modifying agency FISKH
050 ## - LIBRARY OF CONGRESS CALL NUMBER
Classification number QH86 .B397
082 ## - DEWEY DECIMAL CLASSIFICATION NUMBER
Classification number 578.734
100 ## - MAIN ENTRY--PERSONAL NAME
Personal name Berger , Melvin
245 ## - TITLE STATEMENT
Title Does it always rain in the rain forest? :
Remainder of title Questions and answers about tropical rain forests /
Statement of responsibility, etc. Melvin and Gilda Berger : Illustrated by Michael Rothman
250 ## - EDITION STATEMENT
Edition statement First trade printing , April 2002
260 ## - PUBLICATION, DISTRIBUTION, ETC.
Place of publication, distribution, etc. New York :
Name of publisher, distributor, etc. Scholastic ,
Date of publication, distribution, etc. 2001 .
300 ## - PHYSICAL DESCRIPTION
Extent 48 pages :
Other physical details color illustrations ;
Dimensions 20 X 25 cm .
490 ## - SERIES STATEMENT
Series statement Scholastic Question & Answer
505 ## - FORMATTED CONTENTS NOTE
Formatted contents note U <br/>
521 8# - TARGET AUDIENCE NOTE
Target audience note 850 <br/>
Source Lexile IG <br/>
521 8# - TARGET AUDIENCE NOTE
Target audience note U <br/>
Source Raz-Plus <br/>
650 ## - SUBJECT ADDED ENTRY--TOPICAL TERM
Topical term or geographic name entry element Rain forests
Form subdivision Juvenile Literature
650 ## - SUBJECT ADDED ENTRY--TOPICAL TERM
Topical term or geographic name entry element Questions and answers
Form subdivision Juvenile Literature
700 ## - ADDED ENTRY--PERSONAL NAME
Personal name Rothman , Michael
Relator term Illustrator
942 ## - ADDED ENTRY ELEMENTS (KOHA)
Source of classification or shelving scheme Dewey Decimal Classification
Koha item type Books
Suppress in OPAC No
Holdings
Withdrawn status Lost status Source of classification or shelving scheme Damaged status Not for loan Collection Home library Current library Shelving location Date acquired Total Checkouts Full call number Barcode Date last seen Price effective from Koha item type
    Dewey Decimal Classification     Non-Fiction Footprints International School Library Network Toul Tom Poung Campus Footprints International School Library Network Toul Tom Poung Campus TTP Secondary Non-Fiction Bookshelves 02/13/2026   BER 578.734 QH86 .B397 2026-0259 02/13/2026 02/13/2026 Books